| 000 | 01048nam a2200265 a 4500 | ||
|---|---|---|---|
| 001 | 54171 | ||
| 003 | BD-RjUL | ||
| 005 | 20250827154815.0 | ||
| 008 | 161102s1975 ii ||||| |||| 00| 0 ben d | ||
| 020 | _c: Irs 30.00 | ||
| 035 | _a(BD-RjUL) 54293 | ||
| 040 |
_aBD-RjUL _bben _cBD-RjUL |
||
| 041 | _aben | ||
| 082 |
_223 _a891.4408 _bSAS 1975 |
||
| 100 |
_aসতীনাথ _9161703 |
||
| 245 | 1 | 0 |
_aসতীনাথ গ্রন্থাবলী / _cসতীনাথ |
| 260 |
_aকলকাতা : _bসিহনেট বুকশপ, _c১৯৭৫ |
||
| 300 |
_a খণ্ড. ; _c২৩ সেমি. |
||
| 505 | 0 | _aখণ্ড ১ম --খণ্ড ২ য় -- খণ্ড ৪র্থ -- | |
| 650 |
_aবাংলা সাহিত্য _xসংগ্রহ _9122902 |
||
| 650 |
_aBengali Literature _xCollected Work _9148350 |
||
| 700 |
_aঘোষ, শঙ্খ, সম্পাদক _916690 |
||
| 700 |
_aআচার্য, নির্মাল্য, সম্পাদক _916691 |
||
| 942 |
_2ddc _cBK |
||
| 999 |
_c54171 _d54171 |
||